LEADER 01397nam a2200277 4500 001 000000365498 003 CaOOAMICUS 005 20251224102958.0 008 251128s2005 it 000 u ita r 020 $a88-348-5558-2 040 $aSeMil$bita 100 1 $aRicciardi Celsi, Francesco,$d<1951- >.$0(OLS)http://semarc/name/123390 245 03$aLe relationes ad limina :$baspetti della esperienza storica di un istituto canonistico /$cFrancesco Ricciardi Celsi. 264 1$aTorino :$bGiappichelli,$c2005. 300 $aXII, 126 p. ;$c24 cm 490 1 $aCollana della facoltà di Giurisprudenza. Sezione ricerca ;$v8 650 4$aDiritto canonico - Relationes ad limina.$0(OLS)http://semarc/subject/59304 650 4$aDiritto canonico - Relationes ad limina - Storia - Puglia.$0(OLS)http://semarc/subject/59305 830 0$aCollana della Facoltà di Giurisprudenza ;$v8.$0(OLS)http://semarc/title/457163 850 $aSeMil 852 $aSeMil$W1$xVenegono$y1$m2J VI 38$j265852$B256341$CSeMilBibl$Z2$F256341 $81 961 $aBuzzi mons. Franco - Omaggio 996 $6020$a88-348-5558-2$9(OLS)http://semarc/number/304828 996 $6245$aLe relationes ad limina :$baspetti della esperienza storica di un istituto canonistico$9(OLS)http://semarc/title/457104 996 $6264$aTorino :$bGiappichelli$9(OLS)http://semarc/publisher/31793 LEADER 00797nam a2200193 i 4500 001 000000169026 003 CaOOAMICUS 005 20230321143228.0 008 080206s1913 it u000 u ita u 040 $aSeMil$bita 100 1 $aRosati, Nazario,$c.$0(OLS)http://semarc/name/39816 245 10$aNuovo pellegrin d'amore :$bi canti d'oriene /$cp. N. Rosati. 264 1$aGerusalemme :$bTipografia dei PP. Francescani,$c1913. 300 $a164 p. ;$c21 cm. 850 $aSeMil 852 $aSeMil$W1$xVenegono$y1$m1B II 287$j238850$B120006$CSeMilBibl$Z2$F131212 $81 996 $6245$aNuovo pellegrin d'amore :$bi canti d'oriene$9(OLS)http://semarc/title/241734 996 $6264$aGerusalemme :$bTipografia dei PP. Francescani$9(OLS)http://semarc/publisher/32060